Accounting for the impact of agriculture and forestry on environmental quality.

Modifikácia národných účtov Veľkej Británie pre zaistenie ochrany životného prostredia od účinkov poľnohospodárskej výroby a lesného priemyslu. Hodnotenie pozitívnych a negatívnych dopadov oboch odvetví na životné prostredie. Podiel oboch odvetví, úzko spätých s pôdou (87 percent), na tvorbe národné...

Descrizione completa

Salvato in:
Dettagli Bibliografici
Autore principale: Adger, N.
Altri autori: Whitby, M.
Natura: Capitolo di libro
Lingua:inglese
Soggetti:
Tags: Aggiungi Tag
Nessun Tag, puoi essere il primo ad aggiungerne!!

MARC

LEADER 00000naa a2200000 4500
001 r004723
005 20221130103052.9
041 0 |a eng 
044 |a NL 
245 1 0 |a Accounting for the impact of agriculture and forestry on environmental quality.  |c N. Adger, M. Whitby 
520 |a Modifikácia národných účtov Veľkej Británie pre zaistenie ochrany životného prostredia od účinkov poľnohospodárskej výroby a lesného priemyslu. Hodnotenie pozitívnych a negatívnych dopadov oboch odvetví na životné prostredie. Podiel oboch odvetví, úzko spätých s pôdou (87 percent), na tvorbe národného bohatstva a hodnotenie ich produkcie ako základ pre meranie kvality životného prostredia. Znečisťovanie životného prostredia uvedenými odvetviami. 
610 2 0 |a ochrana prostredia životného 
610 2 0 |a poľnohospodárstvo 
610 2 0 |a Veľká Británia 
610 2 0 |a účty národné 
610 2 0 |a bohatstvo národné 
610 2 0 |a lesníctvo 
100 1 |a Adger, N. 
700 1 |a Whitby, M.